| 000 | 00728nam a2200217 a 4500 | ||
|---|---|---|---|
| 001 | 000003271 | ||
| 003 | DO-SdBNP | ||
| 005 | 20220406090620.0 | ||
| 008 | 090707s2009 dr a 000 0 spa d | ||
| 020 | _a9789993456483 | ||
| 040 |
_aDO-SdBNP _bspa _cBNPHU |
||
| 082 | 4 |
_bM492h _222 |
|
| 100 | 1 |
_aMedrano, Néstor, _d1970- _910301 |
|
| 245 | 1 | 0 |
_aHéroes, villanos y una aldea / _cNéstor Medrano ; ilustraciones Elena Delgado y Rigoberto Peláez. |
| 260 |
_aSanto Domingo : _bCrupo Editorial Norma, _c2009. |
||
| 300 |
_a114 p. : _bil. ; _c21 cm. |
||
| 500 | _aIncluye datos biográficos del autor en la contracubierta | ||
| 700 | 1 |
_aDelgado, Elena, _eil. _97114 |
|
| 700 | 1 |
_aPeláez, Rigoberto, _eil. _9506 |
|
| 942 |
_2ddc _cLBS1 |
||
| 999 |
_c3102 _d3102 |
||